[Event "Harrogate 4NCL op-B 27th"]
[Site "Harrogate"]
[Date "2022.01.23"]
[Round "4"]
[White "Tarbuck, Laurence JM"]
[Black "Echavarria Hidalgo, Fernando"]
[Result "0-1"]
[WhiteElo "1780"]
[BlackElo "1766"]
[PlyCount "70"]
[EventDate "2022.01.21"]
[EventType "swiss"]
[EventRounds "5"]
[EventCountry "ENG"]
[SourceTitle "CBM 206 Extra"]
[Source "ChessBase"]
[SourceDate "2022.03.31"]
[SourceVersion "1"]
[SourceVersionDate "2022.03.31"]
[SourceQuality "1"]

1. d4 Nf6 2. c4 e6 3. Nc3 Bb4 4. Bd2 Nc6 5. e3 0-0 6. Bd3 d5 7. Nf3 Bxc3 8. Bxc3 dxc4 9. Bxc4 Ne4 10. 0-0 Nxc3 11. bxc3 Qf6 12. Bb5 Ne7 13. Ne5 c6 14. Bd3 g6 15. a3 Rd8 16. Qc2 c5 17. Rab1 Qg7 18. f4 f6 19. Nf3 Nd5 20. Rfe1 cxd4 21. cxd4 Qe7 22. Qb3 Rd6 23. Rbc1 Rb6 24. Qa2 Bd7 25. g3 Rc6 26. e4 Nc3 27. Qb3 Rac8 28. Rc2 Rb6 29. Rxc3 Rxb3 30. Rxb3 Ba4 31. Rb4 Rc3 32. Bc4 Rxa3 33. Reb1 b6 34. Kf2 Bc2 35. R1b2 Bxe4 0-1

[Event "Harrogate 4NCL op-B 27th"]
[Site "Harrogate"]
[Date "2022.01.22"]
[Round "3"]
[White "Cuthbert, Larissa"]
[Black "Tarbuck, Laurence JM"]
[Result "1-0"]
[WhiteElo "1495"]
[BlackElo "1780"]
[PlyCount "51"]
[EventDate "2022.01.21"]
[EventType "swiss"]
[EventRounds "5"]
[EventCountry "ENG"]
[SourceTitle "CBM 206 Extra"]
[Source "ChessBase"]
[SourceDate "2022.03.31"]
[SourceVersion "1"]
[SourceVersionDate "2022.03.31"]
[SourceQuality "1"]

1. d4 d5 2. c4 c6 3. Nc3 Nf6 4. Bg5 e6 5. e3 Nbd7 6. Bd3 Be7 7. cxd5 exd5 8. Rc1 0-0 9. Nge2 Re8 10. 0-0 Ne4 11. Bf4 g5 12. Bxe4 dxe4 13. Bg3 f5 14. Nd5 f4 15. Nxe7+ Qxe7 16. exf4 g4 17. d5 Nf6 18. dxc6 bxc6 19. Rxc6 Bb7 20. Qb3+ Kg7 21. Rxf6 Qxf6 22. Qxb7+ Kh6 23. f5 Qe7 24. Qc6+ Kg7 25. Nf4 Rac8 26. f6+ 1-0

[Event "Harrogate 4NCL op 24th"]
[Site "Harrogate"]
[Date "2020.01.19"]
[Round "5"]
[White "Tarbuck, Laurence Jm"]
[Black "Pal, Rohan"]
[Result "1/2-1/2"]
[WhiteElo "1713"]
[BlackElo "1496"]
[PlyCount "63"]
[EventDate "2020.01.17"]
[EventType "swiss"]
[EventRounds "5"]
[EventCountry "ENG"]
[SourceTitle "CBM 195 Extra"]
[Source "ChessBase"]
[SourceDate "2020.05.31"]
[SourceVersion "1"]
[SourceVersionDate "2020.05.31"]
[SourceQuality "1"]

1. d4 d5 2. Bg5 Nf6 3. Nf3 e6 4. e3 Be7 5. Bd3 0-0 6. c3 Ne4 7. Bxe7 Qxe7 8. Bxe4 dxe4 9. Nfd2 f5 10. Na3 e5 11. Qb3+ Kh8 12. d5 c6 13. c4 cxd5 14. cxd5 b6 15. Nb5 Na6 16. d6 Qe6 17. Qxe6 Bxe6 18. Rc1 Rfd8 19. 0-0 Bd7 20. Nc7 Nxc7 21. dxc7 Re8 22. Nc4 Be6 23. Nd6 Rf8 24. Rfd1 h6 25. Rd2 Kh7 26. Rdc2 Bc8 27. Rd2 Be6 28. b3 Kg8 29. Rcd1 Kh7 30. Rc1 Kg8 31. Rdc2 Bc8 32. Kh1 1/2-1/2

[Event "Harrogate 4NCL op 24th"]
[Site "Harrogate"]
[Date "2020.01.17"]
[Round "1"]
[White "Tarbuck, Laurence Jm"]
[Black "McKerracher, Douglas"]
[Result "0-1"]
[WhiteElo "1713"]
[BlackElo "1852"]
[PlyCount "72"]
[EventDate "2020.01.17"]
[EventType "swiss"]
[EventRounds "5"]
[EventCountry "ENG"]
[SourceTitle "CBM 195 Extra"]
[Source "ChessBase"]
[SourceDate "2020.05.31"]
[SourceVersion "1"]
[SourceVersionDate "2020.05.31"]
[SourceQuality "1"]

1. d4 f5 2. c4 Nf6 3. g3 e6 4. Bg2 d5 5. cxd5 exd5 6. Bg5 c6 7. Nf3 Bd6 8. Nbd2 0-0 9. Ne5 Qe8 10. Bxf6 Rxf6 11. Ndf3 Nd7 12. Nxd7 Bxd7 13. Qd2 Qe7 14. 0-0-0 a5 15. h4 a4 16. h5 b5 17. h6 g6 18. Ne5 b4 19. Nxd7 Qxd7 20. e3 b3 21. axb3 axb3 22. Qd3 Qb7 23. Kd2 Ra2 24. Rb1 Ba3 25. Kc1 Bd6 26. Kd2 Rf8 27. Ke2 Ba3 28. Qc3 Ra8 29. Kf3 Bf8 30. Bf1 c5 31. dxc5 Rc8 32. Bd3 d4+ 33. c6 Rxc6 34. Qxd4 Rd6+ 35. Be4 fxe4+ 36. Qxe4 Rf6+ 0-1

[Event "ENG-ch Seniors 50"]
[Site "Solihull"]
[Date "2019.04.04"]
[Round "1"]
[White "Josse, Mark"]
[Black "Tarbuck, Laurence Jm"]
[Result "1-0"]
[WhiteElo "2188"]
[BlackElo "1765"]
[PlyCount "59"]
[EventDate "2019.04.04"]
[EventType "swiss"]
[EventRounds "6"]
[EventCountry "ENG"]
[SourceTitle "CBM 190 Extra"]
[Source "ChessBase"]
[SourceDate "2019.07.15"]
[SourceVersion "1"]
[SourceVersionDate "2019.07.15"]
[SourceQuality "1"]

1. c4 f5 2. Nc3 Nf6 3. g3 e5 4. Nf3 Nc6 5. d4 e4 6. Nh4 d5 7. cxd5 Nxd5 8. e3 g6 9. Bd2 a6 10. Rc1 Nb6 11. Ng2 Bd6 12. h4 h5 13. Nf4 Bxf4 14. gxf4 Be6 15. f3 exf3 16. Qxf3 Bd5 17. Nxd5 Qxd5 18. Bg2 Qxf3 19. Bxf3 Kd7 20. Kf2 Nc8 21. Bc3 Re8 22. Rhg1 N8e7 23. d5 Na7 24. Bf6 Nac8 25. Rc3 Rf8 26. Bg5 c6 27. Rd1 cxd5 28. Bxd5 Nxd5 29. Rxd5+ Ke8 30. Rc7 1-0

[Event "GBR-ch U1750 op 104th"]
[Site "Llandudno"]
[Date "2017.07.31"]
[Round "1"]
[White "Petkov, Petko"]
[Black "Tarbuck, Laurence Jm"]
[Result "1-0"]
[WhiteElo "1569"]
[BlackElo "1735"]
[PlyCount "56"]
[EventDate "2017.07.31"]
[EventType "swiss"]
[EventRounds "5"]
[EventCountry "WLS"]
[SourceTitle "EXT 2019"]
[Source "ChessBase"]
[SourceDate "2018.10.10"]
[SourceVersion "1"]
[SourceVersionDate "2018.10.10"]
[SourceQuality "1"]

1. c4 Nf6 2. g3 e6 3. Bg2 d5 4. Nf3 c5 5. cxd5 Nxd5 6. Nc3 Nxc3 7. bxc3 Nc6 8. d4 Be7 9. 0-0 0-0 10. a4 Bf6 11. e3 Qc7 12. Ba3 b6 13. dxc5 Rd8 14. cxb6 axb6 15. Qc2 Ba6 16. Rfd1 Rac8 17. Rac1 Na5 18. Rxd8+ Rxd8 19. Bb4 Nc4 20. Rd1 e5 21. Rxd8+ Qxd8 22. Ne1 g6 23. Qe4 Nb2 24. Qc2 Nc4 25. Bf3 Qd2 26. Qxd2 Nxd2 27. Bc6 Bd8 28. Nf3 f6 1-0